000
00174 a2200097 4500
001
23262
100
_a
245
_a
260
_a
_b
Macmillan
_c
1969
090
_c
15770
_d
15770
942
_a
NUST-CAE
_c
_c
6414
999
_c
258335
_d
258335